Statistics for Largest Cities on the Arabian Peninsula with Five Letters

Click here to take the quiz!

General Stats

  • This quiz has been taken 14 times
  • The average score is 4 of 21

Answer Stats

HintAnswerPopulation% Correct
EmiratesDubai3291166
100%
YemenSana'a1707531
100%
Saudi ArabiaMecca2385509
92%
IraqBasra1340827
77%
JordanAqaba148398
31%
IraqNajaf747261
15%
EmiratesAl Ain496205
8%
Saudi ArabiaHofuf729606
8%
Saudi ArabiaJizan173919
8%
OmanSohar219264
8%
EmiratesAjman519000
0%
YemenAmran77825
0%
YemenBajil55760
0%
Saudi ArabiaBisha115537
0%
KuwaitJahra452259
0%
OmanNizwa64599
0%
Saudi ArabiaRafha63929
0%
BahrainRiffa79550
0%
Saudi ArabiaSabya72086
0%
YemenSa'dah51870
0%
Saudi ArabiaYanbu331916
0%

Score Distribution

Percentile by Number Answered

Percent of People with Each Score

Your Score History

You have not taken this quiz